[Locke part-books.
Contains Italian madrigals and sacred pieces, untexted except for incipit, by Marenzio, Anerio, Rovigo, O. de Lasso, H. Vecchi, Croce, and others.
Saved in:
| Corporate Author: | |
|---|---|
| Format: | Musical Score |
| Language: | Italian |
| Published: |
16--]
|
| Subjects: | |
| Tags: |
Add Tag
No Tags, Be the first to tag this record!
|
| LEADER | 00690ndm a2200217 4500 | ||
|---|---|---|---|
| 001 | 007784509-9 | ||
| 005 | 20020606104010.5 | ||
| 008 | 980508s16uu xx mdz| a nn| ita d | ||
| 035 | 0 | |a ocm39324427 | |
| 040 | |a MH-Mu |c MH-Mu | ||
| 041 | 0 | |a italat | |
| 110 | 2 | |a Fitzwilliam Museum. |b Library. |k Manuscript. |n Mus. 24.E.13-17. | |
| 245 | 0 | 0 | |a [Locke part-books. |
| 260 | |c 16--] | ||
| 300 | |a 5 ms. parts. | ||
| 520 | |a Contains Italian madrigals and sacred pieces, untexted except for incipit, by Marenzio, Anerio, Rovigo, O. de Lasso, H. Vecchi, Croce, and others. | ||
| 650 | 0 | |a Madrigals, Italian. | |
| 650 | 0 | |a Music |x Manuscripts. | |
| 650 | 0 | |a Sacred vocal music. | |
| 988 | |a 20020608 | ||
| 906 | |0 MH | ||


